Estructura del lenguaje poético /

Guardat en:
Dades bibliogràfiques
Autor principal: Cohen, Jean Pierre, 1929-
Format: Desconegut
Idioma:Spanish
Publicat: Madrid, España : Gredos, 1970.
Edició:1 edición
Matèries:
Etiquetes: Afegir etiqueta
Sense etiquetes, Sigues el primer a etiquetar aquest registre!

MARC

LEADER 000000000a22000000004500
001 012698
041 0 |a spa 
082 0 4 |a 808.1   |b C678E 
100 1 |a Cohen, Jean Pierre,   |d 1929- 
245 1 0 |a Estructura del lenguaje poético /   |c Jean Pierre Cohen. 
250 |a 1 edición 
260 1 |a Madrid, España :   |b Gredos,   |c 1970. 
300 |a 221 páginas 
500 |a Material disponible en BCMA 
650 4 |a POETICA 
500 |a Colección George Yúdice 
999 |c 18652  |d 18652 
942 |c BK  |h 808.1 C678E  |2 z